Ist die entmündigung psychopathisch minderwertiger ratsam, und wann soll sie eingeleitet werden? (Record no. 20548)

MARC details
000 -LEADER
fixed length control field 00733cam a2200193 4500
001 - CONTROL NUMBER
control field e 22000454
003 - CONTROL NUMBER IDENTIFIER
control field DLC
005 - DATE AND TIME OF LATEST TRANSACTION
control field 20260227111213.0
008 - FIXED-LENGTH DATA ELEMENTS--GENERAL INFORMATION
fixed length control field 790613s1912 gw 000 0 ger c
010 ## - LIBRARY OF CONGRESS CONTROL NUMBER
LC control number e 22000454
040 ## - CATALOGING SOURCE
Original cataloging agency Library, U.S Bur. of Education LC469.G3S3
Transcribing agency DLC
Modifying agency DLC
043 ## - GEOGRAPHIC AREA CODE
Geographic area code e-gx---
100 1# - MAIN ENTRY--PERSONAL NAME
Personal name Schmid, Franz,
Titles and words associated with a name Amtsgerichtsrat.
245 10 - TITLE STATEMENT
Title Ist die entmündigung psychopathisch minderwertiger ratsam, und wann soll sie eingeleitet werden?
Statement of responsibility, etc. Von amtsgerichtsrat dr. F. Schmid ...
260 ## - PUBLICATION, DISTRIBUTION, ETC.
Place of publication, distribution, etc. Langensalza,
Name of publisher, distributor, etc. H. Beyer & söhne,
Date of publication, distribution, etc. 1912.
300 ## - PHYSICAL DESCRIPTION
Extent 18 p.
Dimensions 24 cm.
490 0# - SERIES STATEMENT
Series statement Beiträge zur kinderforschung und heilerziehung. hft. 105
650 #0 - SUBJECT ADDED ENTRY--TOPICAL TERM
Topical term or geographic name entry element Children with mental disabilities
General subdivision Education
Geographic subdivision Germany.

No items available.

Powered by Koha